Manche - Les cours d'eau du Département - Statistiques

Statistiques générales
  • Ce quiz a été pris 15 fois
  • Le résultat moyen est 6 sur 29
Statistiques - réponses
Longueur Principale(s) commune(s) irriguée(s) Réponse % Correct
128.4 km Saint-Lô Vire
92%
78.8 km Avranches / Sourdeval / Tirepied / Brécey Sée
77%
92.6 km Villedieu-les-Poêles / Percy-en-Normandie / Quettreville-sur-Sienne Sienne
77%
31.8 km Airel / Bérigny / Cerisy-la-Forêt / Saint-Jean-de-Savigny Elle
54%
97.8 km Pontorson / Sacey Couesnon
46%
84.7 km Mortain-Bocage / Ducey-Les Chéris / Saint-Hilaire-du-Harcouët Sélune
46%
78.6 km Carentan les Marais / Picauville / Saint-Sauveur-le-Vicomte / Sottevast / Tollevast Douve
38%
32.6 km Créances / Lessay / La Feuillie / Millières Ay
31%
24.7 km Marchésieux / Marigny / Le Mesnil Eury / Hauteville-la-Guichard Lozon
23%
27.6 km Cherbourg-en-Cotentin / Martinvast Divette
15%
31 km Saint-Vaast-la-Hougue / Réville Saire
15%
51.8 km Cerisy-la-Salle / Coutances / Percy-en-Normandie Soulles
15%
41.8 km Saint-Hilaire-du-Harcouët Airon
8%
30.5 km Villedieu-les-Poêles / La Haye-Pesnel Airou
8%
31 km Ducey-Les Chéris / Saint-James Beuvron
8%
57.9 km Montrabot / Le Perron / Placy-Montaigu / Saint-Jean-d'Elle Drôme
8%
21.2 km Cerisy-la-Forêt Esque
8%
25.7 km Saint-James / Pontorson Guerge
8%
36.4 km Picauville / Sainte-Mère-Eglise / Valognes / Yvetot-Bocage Merderet
8%
21 km Ducey-Les Chéris / Isigny-le-Buat Oir
8%
33.3 km Périers / Carentan les Marais / Baupte Sèves
8%
39.6 km Carentan les Marais / Graignes-Mesnil-Angot / Marchésieux / Périers Taute
8%
29.2 km Thèreval / Quibou / Le Mesnil-Amey Terrette
8%
24.8 km Jullouville / Saint-Pair-sur-Mer / La Haye-Pesnel Thar
8%
20 km Quettreville-sur-Sienne Vanne
8%
82.2 km Les Veys Aure
0%
50.4 km Buais-Les-Monts / Le Teilleul Colmont
0%
36.6 km Sourdeval Egrenne
0%
26.5 km Bricquebec-en-Cotentin / Néhou / Surtainville Scye
0%
Aucun quiz correspondant
Distribution des résultats
% des personnes avec chaque résultat
Percentile par nombre de réponses
Votre historique - résultats
Vous n’avez pas pris ce quiz